| 000 | 01365cab a2200325 4500 | ||
|---|---|---|---|
| 001 | ABS68452 | ||
| 008 | 041110n2004 000 0 eng u | ||
| 035 | _a(Sirsi) u127940 | ||
| 100 | _aHopkins, P. | ||
| 245 | _aHoliday letting | ||
| 260 | _c2004 | ||
| 490 |
_aLetting Update Journal _v12(3) October 2004, 27(1) |
||
| 520 | _aExamines in an article for students the statutory rules for dealing with tenants undertaking holiday lettings and working holidays and looks at the relevant case law. Defines the terms holiday lettings, holiday and working holiday from a legal point of view. Considers out of season lets of holiday properties, the need for a letting agreement for holiday lettings and gives advice on regaining possession upon termination of the tenancy. | ||
| 590 | _aABS | ||
| 650 | _aMCHALE V DANEHAM | ||
| 650 | _aR V RENT OFFICER FOR CAMDEN LBC EX P PLANT | ||
| 650 | _aFRANKE V HAKMI | ||
| 650 | _aHOUSING ACT 1988 | ||
| 650 | _aHOUSING ACT 1988 SCHED 2 GROUND 3 | ||
| 650 | _aEVICTION ACT 1977 | ||
| 650 | _aBUCHMANN V MAY | ||
| 650 | _aHOLIDAYS | ||
| 650 | _aWORKING HOLIDAYS | ||
| 650 | _aOUT-OF-SEASON LETS | ||
| 650 | _aLETTING AGREEMENT | ||
| 650 | _aHOLIDAY LETTINGS | ||
| 650 | _aRENT ACT 1977 S9 | ||
| 690 | _aPROPERTY-RESIDENTIAL PROPERTY-RESIDENTIAL LANDLORD AND TENANT-RESIDENTIAL TENANCIES | ||
| 942 | _n0 | ||
| 999 |
_c74598 _d74598 |
||